Hỏi-đáp về luật thuế thu nhập doanh nghiệp và các văn bản thi hành
Zapisane w:
| 1. autor: | |
|---|---|
| Format: | Książka |
| Język: | Undetermined |
| Wydane: |
Đồng Nai
Nxb. Đồng Nai
1999
|
| Hasła przedmiotowe: | |
| Etykiety: |
Dodaj etykietę
Nie ma etykietki, Dołącz pierwszą etykiete!
|
| Thư viện lưu trữ: | Trung tâm Học liệu Trường Đại học Cần Thơ |
|---|
| LEADER | 00657nam a2200205Ia 4500 | ||
|---|---|---|---|
| 001 | CTU_39747 | ||
| 008 | 210402s9999 xx 000 0 und d | ||
| 020 | |c 16500 | ||
| 082 | |a 343.052 | ||
| 082 | |b Đ307 | ||
| 100 | |a Nguyễn, Ngọc Điệp | ||
| 245 | 0 | |a Hỏi-đáp về luật thuế thu nhập doanh nghiệp và các văn bản thi hành | |
| 245 | 0 | |c Nguyễn Ngọc Điệp | |
| 260 | |a Đồng Nai | ||
| 260 | |b Nxb. Đồng Nai | ||
| 260 | |c 1999 | ||
| 650 | |a Taxation | ||
| 650 | |x Law and legislation | ||
| 904 | |i Nguyễn Quang Điền, 001204 | ||
| 980 | |a Trung tâm Học liệu Trường Đại học Cần Thơ | ||